header

The Crowd (Record no. 226045)

MARC details
000 -LEADER
fixed length control field 01126nam a2200301Ia 4500
100 1# - MAIN ENTRY--AUTHOR NAME
Personal name Le Bon, Gustave,
245 14 - TITLE STATEMENT
Title The Crowd
260 ## - PUBLICATION, DISTRIBUTION, ETC. (IMPRINT)
Place of publication Kitchener, Ont. :
Name of publisher Batoche,
Year of publication 2001.
300 ## - PHYSICAL DESCRIPTION
Number of Pages 129 p.
500 ## - GENERAL NOTE
General note Notes : 120-129.
General note Originally published : [S.l. : s.n.], 1896.
650 #0 - SUBJECT ADDED ENTRY--TOPICAL TERM
Topical Term Crowds.
Topical Term Social psychology.
856 40 - ELECTRONIC LOCATION AND ACCESS
Uniform Resource Identifier http://site.ebrary.com/lib/rucke/Doc?id=2004652

No items available.

© 2026 Rongo University
Contact us: librarian | system librarian | Rongo university